Statistics for Which US Presidents Switched Vice Presidents

Click here to take the quiz!

General Stats

  • This quiz has been taken 127 times
  • The average score is 8 of 9

Answer Stats

Years in officeVice President 1Vice President 2Vice President 3President% Correct
1861-1865Hannibal HamlinAndrew JohnsonN/AAbraham Lincoln
100%
1933-1945John GarnerHenry WallaceHarry TrumanFranklin Roosevelt
98%
1969-1974Spiro AgnewGerald FordN/ARichard Nixon
97%
1801-1809Aaron BurrGeorge ClintonN/AThomas Jefferson
97%
1897-1901Garret HobartTheodore RooseveltN/AWilliam McKinley
97%
1829-1837John CalhounMartin Van BurenN/AAndrew Jackson
94%
1809-1817George ClintonElbridge GerryN/AJames Madison
94%
1885-1889, 1893-1897Thomas HendricksAdlai StevensonN/AGrover Cleveland
92%
1869-1877Schuyler ColfaxHenry WilsonN/AUlysses S. Grant
80%

Score Distribution

Percentile by Number Answered

Percent of People with Each Score

Your Score History

You have not taken this quiz